Catálogo - Centro de Recursos para el Aprendizaje y la Investigación

Volver al Sitio - CRAI Biblioteca

Elementos de derecho procesal constitucional / (Registro nro. 113976)

Detalles MARC
000 -CABECERA
campo de control de longitud fija 01139nam a2200229 4500
001 - NÚMERO DE CONTROL
campo de control 113976
003 - IDENTIFICADOR DEL NÚMERO DE CONTROL
campo de control DR-UNIBE
005 - FECHA Y HORA DE LA ÚLTIMA TRANSACCIÓN
campo de control 20251120095934.0
008 - DATOS DE LONGITUD FIJA--INFORMACIÓN GENERAL
campo de control de longitud fija 250729b2006 mx ||||| |||| 00| 0 spa d
020 ## - NÚMERO INTERNACIONAL ESTÁNDAR DEL LIBRO
Número Internacional Estándar del Libro 9707126663
040 ## - FUENTE DE LA CATALOGACIÓN
Centro catalogador/agencia de origen BIBLIOTECA UNIBE
Lengua de catalogación spa
Centro/agencia transcriptor BIBLIOTECA UNIBE
Normas de descripción rda
041 ## - CÓDIGO DE LENGUA
Código de lengua del texto/banda sonora o título independiente spa
082 ## - NÚMERO DE LA CLASIFICACIÓN DECIMAL DEWEY
Número de edición 22
Número de clasificación 342.972 E534
245 00 - MENCIÓN DE TÍTULO
Título Elementos de derecho procesal constitucional /
250 ## - MENCIÓN DE EDICIÓN
Mención de edición Primera edición
260 ## - PUBLICACIÓN, DISTRIBUCIÓN, ETC.
Lugar de publicación, distribución, etc. México :
Nombre del editor, distribuidor, etc. Suprema Corte de Justicia de la Nación,
Fecha de publicación, distribución, etc. 2006
300 ## - DESCRIPCIÓN FÍSICA
Extensión 137 páginas :
Dimensiones 21 x 15 cm
505 0# - NOTA DE CONTENIDO CON FORMATO
Nota de contenido con formato Presentación |<br/>I. La defensa de la Constitución |<br/>II. Estado y jurisdicción |<br/>III. Sistemas de control constitucional | <br/>IV. Derecho procesal constitucional y derecho constitucional procesal |<br/>V. Los tribunales constitucionales |<br/>VI. La defensa de la Constitución en México |<br/>VII. Las garantías constitucionales en México |<br/>VIII. Derecho procesal constitucional local |<br/>Conclusiones |<br/>Bibliohemerografía |<br/>Normativa
650 #7 - PUNTO DE ACCESO ADICIONAL DE MATERIA--TÉRMINO DE MATERIA
Fuente del encabezamiento o término lemb
Término de materia o nombre geográfico como elemento de entrada Derecho constitucional
Subdivisión geográfica México
9 (RLIN) 200910
650 #7 - PUNTO DE ACCESO ADICIONAL DE MATERIA--TÉRMINO DE MATERIA
Fuente del encabezamiento o término lemb
Término de materia o nombre geográfico como elemento de entrada Tribunales constitucionales
Subdivisión geográfica México
9 (RLIN) 200911
942 ## - ELEMENTOS DE PUNTO DE ACCESO ADICIONAL (KOHA)
Fuente del sistema de clasificación o colocación Sistema de Clasificación Decimal Dewey
Tipo de ítem Koha Libro (general)
Existencias
Estado de retiro Estado de pérdida Fuente del sistema de clasificación o colocación No para préstamo Código de colección Localización permanente Fecha de adquisición Total de préstamos Signatura topográfica completa Código de barras Fecha visto por última vez Número de copia Precio válido a partir de Tipo de ítem Koha
  Disponible Sistema de Clasificación Decimal Dewey   General Biblioteca Central UNIBE 10/06/2025   342.972 E534 250903 29/07/2025 Ej. 1 29/07/2025 Libro (general)